Guess the Cleveland Cavaliers by Picture - Hard - Statistics

General Stats
  • This quiz has been taken 13 times
  • The average score is 8 of 20
Answer Stats
Picture Answer % Correct
Kyrie Irving
100%
Larry Nance Jr.
100%
Lauri Markkanen
83%
Andre Drummond
75%
Mo Williams
75%
Kendrick Perkins
67%
Shawn Marion
58%
Jarrett Jack
42%
Joe Harris
42%
Isaiah Hartenstein
33%
Lamar Stevens
33%
Rodney Hood
33%
Dante Exum
25%
David Nwaba
17%
Ed Davis
17%
Jared Cunningham
8%
Jeremiah Martin
8%
Malik Newman
8%
Shane Edwards
8%
Will Cherry
8%
No matching quizzes found
Score Distribution
Percent of People with Each Score
Percentile by Number Answered
Your Score History
You have not taken this quiz